Axis Powers - Flags - Statistics

General Stats
  • This quiz has been taken 192 times
    187 since last reset
  • The average score is 19 of 28
Answer Stats
Picture Answer % Correct
Japan
98%
Italy
97%
Germany
95%
Hungary
91%
Romania
91%
Bulgaria
89%
Finland
89%
Siam
87%
Croatia
82%
France
82%
Serbia
79%
India
74%
Albania
69%
Iraq
69%
Slovakia
69%
Laos
66%
Montenegro
65%
Philippines
65%
China
64%
Vietnam
62%
Greece
60%
Yugoslavia
51%
Burma
44%
Manchukuo
44%
Italian Social Republic
27%
Cambodia
26%
Mengjiang
21%
Free City of Danzig
18%
No matching quizzes found
Score Distribution
Percent of People with Each Score
Percentile by Number Answered
Your Score History
You have not taken this quiz since the last reset